The dilemma of modernity : philosophy, culture, and anti-culture /

Bibliographic Details
Main Author: Cahoone, Lawrence E., 1954-
Format: Book
Language:English
Published: Albany, N.Y. : State University of New York Press, [1988]
Series:SUNY series in philosophy.
Subjects:

MARC

Tag First Indicator Second Indicator Subfields
LEADER 00000cam a2200000 a 4500
001 in00000009264
005 20151007051519.0
008 870102s1988 nyu b s00110 eng
010 |a  86030195  
020 |a 088706549X 
020 |a 0887065503 (pbk.) 
035 |a (OCoLC)15084532 
035 |9 AAA3345AM 
040 |a DLC  |c DLC  |d TXA  |d UtOrBLW 
049 |a TXAM  |c [A11026919] 
050 0 0 |a B791  |b .C18 1988 
082 0 |a 190  |2 19 
100 1 |a Cahoone, Lawrence E.,  |d 1954- 
245 1 4 |a The dilemma of modernity :  |b philosophy, culture, and anti-culture /  |c Lawrence E. Cahoone. 
264 1 |a Albany, N.Y. :  |b State University of New York Press,  |c [1988] 
264 4 |c ©1988 
300 |a xx, 325 pages ;  |c 24 cm. 
336 |a text  |b txt  |2 rdacontent 
337 |a unmediated  |b n  |2 rdamedia 
338 |a volume  |b nc  |2 rdacarrier 
490 1 |a SUNY series in philosophy 
504 |a Bibliography: pages 309-315. 
500 |a Includes index. 
650 0 |a Philosophy, Modern. 
650 0 |a Culture  |x Philosophy. 
650 0 |a Humanism. 
650 0 |a Subjectivity. 
830 0 |a SUNY series in philosophy. 
999 |a MARS 
999 f f |s a4b51325-0f29-31dd-a32a-c62ed1d569c7  |i 8f5c38b2-8750-3d47-beb7-4a31fb8b6644  |t 0 
952 f f |p ric  |a Texas A&M University  |b Rellis Campus  |c Joint Library Facility  |d Remote Storage  |t 0  |e B791 .C18 1988  |h Library of Congress classification  |i unmediated -- volume  |m A14817034473 
998 f f |a B791 .C18 1988  |t 0  |l Remote Storage